000 00291nam a22001337a 4500
008 170929b xxu||||| |||| 00| 0 eng d
020 _a9780883771112
041 _aeng
080 _23RD
_a37
100 _a47
101 _aEDU
245 _aINSIGHTS FOR TODAY
_cSMITH,L.C
942 _2udc
_cBK
999 _c30722
_d30722